00778nam a22002297a 450000500170000001000130001702000220003003500130005203700160006504000120008108200130009310000310010624500860013726000240022327000320024730000200027965000400029965000430033994200220038299900190040495201250042320170124105913.0 aA-239042 c00.00a9231019821 aA-239042 bCen Lib/Ret aDPLbEN a011bBEA aBeaudiquez, Marcelle91449 aBibliographical services thoughout the worls 1975-1979 /cby Marcelle Beaudiquez  aParisbUNESCOc1984 bParis a7 Place De Fontenoy a462p.c21cm(Hb) aBibliographic services y z 91450 aBibliographic services - world9107187 2ddccENh011mBEA c122660d122660 001040718REFaLbLd2015-05-28eCen Lib/Retg0.00l0o011 BEApA-239042r2015-05-28 00:00:00t1v0.00w2015-05-28yEN